| 000 | 00781nmm a2200277 a 4500 | ||
|---|---|---|---|
| 003 | AR-BaBNM | ||
| 005 | 20251128211214.0 | ||
| 008 | 263020s1998 ||||||||||||||000 | spa|| | ||
| 020 | _a987-9075-50-1 | ||
| 040 | _cAR-BaBNM | ||
| 100 | 1 | _aGiamportone, Teresa Alicia | |
| 245 | 1 | 0 |
_aHistoria Institucional de Mendoza _bMinisterio de Obras y Servicios Públicos _n2 |
| 260 |
_aMendoza _c1998 _bEdiciones Culturales de Mendoza |
||
| 300 | _a120 p. | ||
| 650 | 4 | _aHISTORIA ARGENTINA | |
| 650 | 4 | _aHISTORIA MENDOCINA | |
| 650 | 4 | _aHISTORIA PROVINCIAL ARGENTINA | |
| 650 | 4 | _aSERVICIOS PUBLICOS | |
| 650 | 4 | _aHISTORIA POLITICA | |
| 650 | 4 | _aDESARROLLO REGIONAL | |
| 650 | 4 | _aINDUSTRIA | |
| 650 | 4 | _aTRANSPORTE | |
| 651 | 4 | _aArgentina | |
| 942 | _cBK | ||
| 998 | _cMariana | ||
| 999 |
_c18710 _d18710 |
||